000
00320 a2200145 4500
001
149040
040
_c
Escola São Tomás de Aquino
100
_a
MORALES , Yuri
240
1
0
_a
Só um minutinho
_l
por
245
1
0
_a
Só um minutinho
362
0
_a
2003
440
1
_a
FTD
697
_a
*LITERATURA INFANTO
942
_c
BK
999
_c
149040
_d
149040